000 00559nam a22001817a 4500
005 20250917150712.0
010 _aENG-145701
020 _a9789392210877
_c195.00
035 _aEN-129233
037 _bDBAD
082 _a305.568
_21
100 _aAmbedkar, B R
_985110
245 _aAnnihilation Of Caste: Cuppa Freedom Classics/
_cB R Ambedkar
260 _aChandigarh
_bThe Browser
_c2025
270 _bChandigarh
_aSCO 14-15, Sector 8-C
_e160009
_mservice@thebrowser.org
300 _a85p.
_c20cm(pb)
942 _2ddc
_cEN
_h305.568
_mAMB
999 _c212086
_d212086